[Event "Schleswig Holstein-ch U18 M"]
[Site "Neumuenster"]
[Date "2010.04.11"]
[Round "9"]
[White "Hoeger, Bastian"]
[Black "Neitzel, Mirko"]
[Result "1/2-1/2"]
[WhiteElo "1832"]
[BlackElo "1874"]
[PlyCount "22"]
[EventDate "2010.04.05"]
[EventType "tourn"]
[EventRounds "9"]
[EventCountry "GER"]
[SourceTitle "EXT 2023"]
[Source "ChessBase"]
[SourceDate "2022.10.05"]
[SourceVersion "1"]
[SourceVersionDate "2022.10.05"]
[SourceQuality "1"]

1. c4 e5 2. g3 g6 3. Bg2 Bg7 4. Nc3 d6 5. d3 Nc6 6. e3 h5 7. h4 Nge7 8. Nge2 Bg4 9. Rb1 a5 10. a3 Qd7 11. Nd5 0-0 1/2-1/2

[Event "Schleswig Holstein-ch cand 64th"]
[Site "Altenholz"]
[Date "2009.04.08"]
[Round "6"]
[White "Millgramm, Stephan"]
[Black "Hoeger, Bastian"]
[Result "1/2-1/2"]
[WhiteElo "1839"]
[BlackElo "1839"]
[PlyCount "66"]
[EventDate "2009.04.04"]
[EventType "swiss"]
[EventRounds "9"]
[EventCountry "GER"]
[SourceTitle "CBM 129 Extra"]
[Source "ChessBase"]
[SourceDate "2009.05.05"]
[SourceVersion "2"]
[SourceVersionDate "2009.05.20"]
[SourceQuality "1"]

1. e4 c5 2. a3 Nc6 3. b4 e5 4. Nf3 cxb4 5. d4 Nxd4 6. Nxd4 exd4 7. Qxd4 Qf6 8. e5 Qe7 9. Bc4 d6 10. f4 dxe5 11. fxe5 Qc5 12. Qe4 Bf5 13. Bxf7+ Kxf7 14. Qxf5+ Nf6 15. Qf4 Re8 16. Bb2 Bd6 17. Nd2 Bxe5 18. Bxe5 Rxe5+ 19. Kd1 Rc8 20. Ra2 bxa3 21. Qf3 Rd5 22. c4 Qxc4 23. Qxa3 Qg4+ 24. Qf3 Qxf3+ 25. gxf3 a5 26. Ke2 Re8+ 27. Kf2 Red8 28. Nc4 a4 29. Rxa4 b5 30. Ra7+ Kg8 31. Ne3 Rd2+ 32. Kg3 Rb2 33. Rc1 Ne8 1/2-1/2

[Event "GER-chT U16"]
[Site "Bingen"]
[Date "2008.12.27"]
[Round "2.1"]
[White "Kremser, Michael"]
[Black "Hoeger, Bastian"]
[Result "1-0"]
[WhiteElo "1818"]
[BlackElo "1763"]
[PlyCount "73"]
[EventDate "2008.12.27"]
[EventType "team-swiss"]
[EventRounds "7"]
[EventCountry "GER"]
[SourceTitle "EXT 2010"]
[Source "ChessBase"]
[SourceDate "2010.11.25"]
[SourceVersion "1"]
[SourceVersionDate "2010.11.25"]
[SourceQuality "1"]
[WhiteTeam "Porz SG U16"]
[BlackTeam "Kiel Meerbauer U16"]
[WhiteTeamCountry "GER"]
[BlackTeamCountry "GER"]

1. d4 Nf6 2. c4 g6 3. Nc3 Bg7 4. e4 d6 5. f3 0-0 6. Be3 a6 7. Qd2 Nbd7 8. h4 c5 9. d5 Ne5 10. g4 h5 11. gxh5 Nxh5 12. Bh6 Kh7 13. Bxg7 Kxg7 14. f4 Nd7 15. Bd3 Rb8 16. Nf3 Qa5 17. Rg1 b5 18. f5 bxc4 19. fxg6 f6 20. Bxc4 Qb4 21. b3 Nb6 22. Be2 Rh8 23. Rc1 c4 24. Nb1 Qxd2+ 25. Nbxd2 cxb3 26. Nxb3 Nf4 27. Rc7 Rb7 28. Rxb7 Bxb7 29. Na5 Bc8 30. Nc6 Na4 31. Nxe7 Re8 32. Nxc8 Rxe4 33. Nxd6 Rxe2+ 34. Kf1 Nc3 35. Nf5+ Kg8 36. g7 Ncxd5 37. Nh6+ 1-0

[Event "Kiel Cup U18"]
[Site "Kiel"]
[Date "2008.10.16"]
[Round "2.5"]
[White "Werwitzke, Jasper"]
[Black "Hoeger, Bastian"]
[Result "0-1"]
[WhiteElo "1192"]
[BlackElo "1772"]
[PlyCount "90"]
[EventDate "2008.10.16"]
[EventType "team-swiss"]
[EventRounds "7"]
[EventCountry "GER"]
[SourceTitle "EXT 2011"]
[Source "ChessBase"]
[SourceDate "2010.11.26"]
[SourceVersion "1"]
[SourceVersionDate "2010.11.26"]
[SourceQuality "1"]

1. e4 c5 2. Nc3 Nc6 3. Bb5 e6 4. Bxc6 dxc6 5. d3 Nf6 6. Nf3 Qc7 7. Qe2 b6 8. 0-0 Be7 9. e5 Nd5 10. Re1 Ba6 11. Nxd5 cxd5 12. c4 Bb7 13. b3 0-0 14. Bb2 Qc6 15. Bc1 Rfd8 16. Bg5 Bxg5 17. Nxg5 dxc4 18. Qe4 Qxe4 19. dxe4 cxb3 20. axb3 Rd4 21. Rad1 Rad8 22. Ra1 a6 23. f3 Rd2 24. Rab1 a5 25. Nh3 Kf8 26. Nf2 Rc2 27. Nd1 Rdd2 28. Ne3 Ra2 29. Kh1 Ba6 30. Rbd1 Ke7 31. Rxd2 Rxd2 32. Nc4 Bxc4 33. bxc4 Rb2 34. Ra1 Rb4 35. Rc1 a4 36. h3 Kd7 37. Rd1+ Kc7 38. Rc1 a3 39. Ra1 Ra4 40. Kh2 Kc6 41. Kg3 b5 42. cxb5+ Kxb5 43. Rb1+ Rb4 44. Ra1 Ka4 45. Kf4 Rb2 0-1

[Event "Kiel op 21th"]
[Site "Kiel"]
[Date "2008.08.09"]
[Round "1"]
[White "Hoeger, Bastian"]
[Black "Mueller, Jan Hendrik"]
[Result "0-1"]
[WhiteElo "1745"]
[BlackElo "2034"]
[PlyCount "42"]
[EventDate "2008.08.09"]
[EventType "swiss"]
[EventRounds "9"]
[EventCountry "GER"]
[SourceTitle "EXT 2009"]
[Source "ChessBase"]
[SourceDate "2008.11.26"]
[SourceVersion "1"]
[SourceVersionDate "2008.11.26"]
[SourceQuality "1"]

1. c4 e5 2. Nc3 Nf6 3. g3 c6 4. Bg2 d5 5. cxd5 cxd5 6. d4 exd4 7. Qxd4 Nc6 8. Qd1 Bb4 9. Bd2 0-0 10. a3 Bc5 11. Nf3 Ne4 12. e3 Bg4 13. b4 Ne5 14. bxc5 Qf6 15. Nxd5 Nxf3+ 16. Bxf3 Qxf3 17. Qxf3 Bxf3 18. Rg1 Rfd8 19. Nc7 Rxd2 20. Nxa8 Re2+ 21. Kd1 Ra2+ 0-1

[Event "Schleswig Holstein-ch U16 MT"]
[Site "Neumuenster"]
[Date "2008.03.26"]
[Round "4"]
[White "Hoeger, Bastian"]
[Black "Marx, Joschka"]
[Result "0-1"]
[WhiteElo "1684"]
[BlackElo "1912"]
[PlyCount "82"]
[EventDate "2008.03.24"]
[EventType "tourn"]
[EventRounds "9"]
[EventCountry "GER"]
[SourceTitle "EXT 2009"]
[Source "ChessBase"]
[SourceDate "2008.11.26"]
[SourceVersion "1"]
[SourceVersionDate "2008.11.26"]
[SourceQuality "1"]

1. c4 c5 2. g3 Nf6 3. Bg2 g6 4. Nc3 Bg7 5. d3 0-0 6. e4 Nc6 7. Nge2 d6 8. 0-0 a6 9. f4 Bd7 10. h3 Rb8 11. Be3 Qc8 12. Kh2 b5 13. cxb5 axb5 14. Qd2 b4 15. Nd1 Ne8 16. f5 gxf5 17. exf5 Ne5 18. g4 h5 19. gxh5 Bxf5 20. Nf2 Nf6 21. Ng3 Bh7 22. Rfd1 Qe6 23. Re1 Nd5 24. Nfe4 Nxe3 25. Qxe3 Bh6 26. Qe2 f5 27. Nxc5 dxc5 28. Qxe5 Qxe5 29. Rxe5 f4 30. Bd5+ Kh8 31. Ne4 f3 32. Rxe7 Bf4+ 33. Kg1 Be3+ 34. Nf2 Rg8+ 35. Kh1 Bxf2 36. Bxg8 Rxg8 37. Rf1 Bh4 38. Re5 f2 39. Rd5 c4 40. Rd4 Bxd3 41. Rd1 Be2 0-1

[Event "Schleswig Holstein-ch U16 MT"]
[Site "Neumuenster"]
[Date "2008.03.25"]
[Round "3"]
[White "Nonnenmacher, Lars"]
[Black "Hoeger, Bastian"]
[Result "1/2-1/2"]
[WhiteElo "1476"]
[BlackElo "1684"]
[PlyCount "30"]
[EventDate "2008.03.24"]
[EventType "tourn"]
[EventRounds "9"]
[EventCountry "GER"]
[SourceTitle "EXT 2009"]
[Source "ChessBase"]
[SourceDate "2008.11.26"]
[SourceVersion "1"]
[SourceVersionDate "2008.11.26"]
[SourceQuality "1"]

1. e4 c5 2. Nf3 e6 3. Nc3 a6 4. d4 cxd4 5. Nxd4 Qc7 6. Be2 Nf6 7. a3 b6 8. 0-0 Bb7 9. f3 Be7 10. Be3 d6 11. Qd2 Nbd7 12. Rad1 d5 13. exd5 Nxd5 14. Nxd5 Bxd5 15. Nf5 Bf6 1/2-1/2

[Event "Kieler Cup U14"]
[Site "Kiel"]
[Date "2007.10.21"]
[Round "7"]
[White "Dittrich, Gunnar"]
[Black "Hoeger, Bastian"]
[Result "1/2-1/2"]
[WhiteElo "1963"]
[BlackElo "1683"]
[PlyCount "20"]
[EventDate "2007.10.18"]
[EventType "swiss"]
[EventRounds "7"]
[EventCountry "GER"]
[SourceTitle "EXT 2010"]
[Source "ChessBase"]
[SourceDate "2010.11.25"]
[SourceVersion "1"]
[SourceVersionDate "2010.11.25"]
[SourceQuality "1"]

1. e4 c5 2. Nf3 d6 3. d4 cxd4 4. Nxd4 Nf6 5. Nc3 g6 6. Be3 Bg7 7. Be2 0-0 8. 0-0 Nc6 9. f4 Bd7 10. Bf3 a6 1/2-1/2

[Event "Kieler Cup U14"]
[Site "Kiel"]
[Date "2007.10.19"]
[Round "3"]
[White "Hoeger, Bastian"]
[Black "Bogs, Christian"]
[Result "1/2-1/2"]
[WhiteElo "1683"]
[BlackElo "1598"]
[PlyCount "36"]
[EventDate "2007.10.18"]
[EventType "swiss"]
[EventRounds "7"]
[EventCountry "GER"]
[SourceTitle "EXT 2010"]
[Source "ChessBase"]
[SourceDate "2010.11.25"]
[SourceVersion "1"]
[SourceVersionDate "2010.11.25"]
[SourceQuality "1"]

1. e4 e5 2. Nf3 d6 3. d4 exd4 4. Nxd4 Nf6 5. Nc3 g6 6. Be3 Bg7 7. Qd2 Qe7 8. f3 Bd7 9. 0-0-0 Nc6 10. Bc4 Nxd4 11. Bxd4 Be6 12. Bxe6 fxe6 13. e5 dxe5 14. Bxe5 Ne4 15. Nxe4 Bxe5 16. f4 Bg7 17. Ng5 0-0 18. Qd7 Bxb2+ 1/2-1/2

[Event "GER-chT WK 3 U16"]
[Site "Kiel"]
[Date "2007.05.17"]
[Round "3.1"]
[White "Hoeger, Bastian"]
[Black "Brauer, Franz"]
[Result "1/2-1/2"]
[WhiteElo "1558"]
[BlackElo "1928"]
[PlyCount "49"]
[EventDate "2007.05.17"]
[EventType "team-swiss"]
[EventRounds "7"]
[EventCountry "GER"]
[SourceTitle "EXT 2008"]
[Source "ChessBase"]
[SourceDate "2007.11.25"]
[SourceVersion "1"]
[SourceVersionDate "2007.11.25"]
[SourceQuality "1"]

1. c4 e5 2. Nc3 Nf6 3. g3 Bb4 4. Bg2 0-0 5. e3 Re8 6. Nge2 c6 7. a3 Bf8 8. 0-0 d5 9. cxd5 cxd5 10. b4 Nc6 11. Bb2 a6 12. Rc1 Bf5 13. d4 e4 14. Qb3 h6 15. Na4 Rc8 16. Nc5 Bxc5 17. Rxc5 b6 18. Rc2 Qd7 19. Rfc1 Nb8 20. Nc3 Qb7 21. Na4 Nbd7 22. Bf1 b5 23. Nc5 Nxc5 24. dxc5 Qc6 25. Bxf6 1/2-1/2

[Event "GER-chT WK 3 U16"]
[Site "Kiel"]
[Date "2007.05.17"]
[Round "1.1"]
[White "Kordts, Florian"]
[Black "Hoeger, Bastian"]
[Result "0-1"]
[WhiteElo "1892"]
[BlackElo "1558"]
[PlyCount "81"]
[EventDate "2007.05.17"]
[EventType "team-swiss"]
[EventRounds "7"]
[EventCountry "GER"]
[SourceTitle "EXT 2008"]
[Source "ChessBase"]
[SourceDate "2007.11.25"]
[SourceVersion "1"]
[SourceVersionDate "2007.11.25"]
[SourceQuality "1"]

1. c4 c5 2. g3 Nc6 3. Bg2 g6 4. e3 Bg7 5. Ne2 d6 6. d4 cxd4 7. Nxd4 Bd7 8. Nc3 Nf6 9. 0-0 0-0 10. Rb1 Nxd4 11. exd4 Rb8 12. b4 a6 13. Re1 Re8 14. c5 Bf5 15. Ne4 Nxe4 16. Bxe4 Bxe4 17. Rxe4 dxc5 18. Bf4 Qd5 19. Qe2 Rbd8 20. dxc5 e5 21. Re1 f6 22. g4 Rd7 23. Bg3 g5 24. h4 h6 25. h5 Qd3 26. Qb2 Red8 27. a3 Rd4 28. Qa2+ Kh7 29. R4e3 Qc4 30. Qxc4 Rxc4 31. f3 Bf8 32. Kg2 Kg7 33. Re4 Rc3 34. R4e3 Rd2+ 35. Kf1 Rxe3 36. Rxe3 Rd4 37. Ke2 Kf7 38. Re4 Rd5 39. Bf2 Be7 40. Re3 Ke6 41. Rd3 0-1

[Event "GER-chT U12"]
[Site "Verden"]
[Date "2005.12.28"]
[Round "4.4"]
[White "Schmitt, Katrin"]
[Black "Hoeger, Bastian"]
[Result "0-1"]
[WhiteElo "1345"]
[BlackElo "1191"]
[PlyCount "172"]
[EventDate "2005.12.27"]
[EventType "team-swiss"]
[EventRounds "7"]
[EventCountry "GER"]
[SourceTitle "CBM 110 Extra"]
[Source "ChessBase"]
[SourceDate "2006.03.10"]
[SourceVersion "2"]
[SourceVersionDate "2006.03.10"]
[SourceQuality "1"]

1. e4 c5 2. b3 Nc6 3. Bb2 d6 4. Nf3 Nf6 5. Nc3 g6 6. Bb5 Bd7 7. 0-0 Bg7 8. d3 0-0 9. h3 a6 10. Bxc6 Bxc6 11. Qd2 b5 12. Rfe1 Nd7 13. d4 cxd4 14. Nxd4 Bb7 15. a3 Qb6 16. Nf3 Rac8 17. Nd5 Bxd5 18. Bxg7 Kxg7 19. exd5 Rfe8 20. Rac1 Nf6 21. c4 bxc4 22. bxc4 Qc5 23. Qc3 Kg8 24. Nd4 Nxd5 25. Qd3 Nf6 26. Nf3 Kg7 27. Nd2 Rb8 28. Rb1 Rxb1 29. Rxb1 Rd8 30. Rb7 d5 31. g3 e6 32. Kg2 Qc6 33. Rb4 dxc4+ 34. Qf3 Qxf3+ 35. Nxf3 c3 36. Rc4 Nd5 37. Nd4 Rb8 38. Ne2 Rb2 39. Kf3 Rb3 40. a4 c2+ 41. Kg2 Rc3 42. Rxc3 Nxc3 43. Nc1 Nxa4 44. Kf1 Nc3 45. Ke1 Kf6 46. Kd2 Ne4+ 47. Ke3 Ke5 48. Nd3+ Kd5 49. Nb4+ Kc4 50. Nxc2 f5 51. Nd4 e5 52. Nc6 Kb5 53. Nxe5 a5 54. g4 a4 55. Nd3 a3 56. Nc1 Kc4 57. f3 Ng5 58. h4 Ne6 59. Kd2 Nd4 60. gxf5 gxf5 61. Ke3 Kc3 62. h5 h6 63. f4 Kb2 64. Kd2 Ne6 65. Nd3+ Kb1 66. Nb4 Nxf4 67. Nc2 a2 68. Na3+ Kb2 69. Nc2 Nxh5 70. Kd1 f4 71. Kd2 f3 72. Kd1 f2 73. Kd2 f1Q 74. Ne1 Qxe1+ 75. Kxe1 a1Q+ 76. Kd2 Qf1 77. Ke3 Qg2 78. Kd3 Qf2 79. Kc4 Qe3 80. Kb4 Qc3+ 81. Ka4 Qb3+ 82. Ka5 Kc3 83. Ka6 Kc4 84. Ka7 Kc5 85. Ka8 Kc6 86. Ka7 Qb7# 0-1

[Event "Schleswig Holstein-ch U12"]
[Site "Neumuenster"]
[Date "2005.03.23"]
[Round "6"]
[White "Hoeger, Bastian"]
[Black "Dietrich, Stefan"]
[Result "0-1"]
[WhiteElo "796"]
[BlackElo "1213"]
[PlyCount "80"]
[EventDate "2005.03.21"]
[EventType "swiss"]
[EventRounds "9"]
[EventCountry "GER"]
[SourceTitle "EXT 2007"]
[Source "ChessBase"]
[SourceDate "2006.11.23"]
[SourceVersion "1"]
[SourceVersionDate "2006.11.23"]
[SourceQuality "1"]

1. c4 e5 2. d3 Nf6 3. g3 d5 4. cxd5 Nxd5 5. Bg2 Nc6 6. Nf3 Bg4 7. Nbd2 Qd7 8. a3 Be7 9. b4 a5 10. b5 Na7 11. a4 0-0 12. Nxe5 Qe6 13. Nxg4 Nc3 14. Bd5 Qxd5 15. Qc2 Qxh1+ 16. Nf1 Qd5 17. Nfe3 Qd8 18. Bd2 Nd5 19. Bxa5 Bb4+ 20. Bxb4 Nxb4 21. Qb3 c5 22. Qc4 Qd4 23. Qc1 Rfe8 24. Ra3 Rad8 25. Qd2 Nd5 26. Nxd5 Qxd5 27. e4 Rxe4+ 28. Ne3 Qe6 29. Qa5 Rxe3+ 30. fxe3 Qxe3+ 31. Kf1 Re8 32. Ra2 Qxd3+ 33. Kg2 Qd5+ 34. Kh3 Qxa2 35. Qxa7 h6 36. a5 c4 37. a6 bxa6 38. bxa6 c3 39. Qb7 c2 40. Qc6 Qe6+ 0-1